000 00526nam a22001697a 4500
005 20231128125345.0
008 231128b |||||||| |||| 00| 0 eng d
020 _a0702157295
041 _aEnglish
082 _a340.1 BUR
100 _aBurger, AJ
_lEnglish
245 _aA Guide to Legislative Drafting in South Africa /
_cAJ Burger
260 _aCape Town :
_bJuta and Company Ltd,
_c2002
300 _bxvii, 147 pages ;
_c23 cm.
650 _aLegal practice
_bLaw
942 _cBK
_6ALISON_BN_VRIES
999 _c1012
_d1012